000 00658nam a2200289Ia 4500
005 20260324150859.0
008 008 260324s9999 xx 000 0 eng d
020 _a9781315739038
037 _aEBOOK
040 _aCRL
040 _beng
040 _cCRL
041 _2eng
041 _aeng
084 _qCRL
100 _aCharles Baudouin
245 4 _aThe Mind of the Child
245 2 _bA Psychoanalytical Study
260 _bTaylor and Francis
260 _c1931
365 _a
365 _b230
856 _uhttp://www.taylorfrancis.com/books/9781315739038
942 _cEBOOK
999 _c1838160
_d1838160